=LDR 00000nam 2200000 4500 =001 INLIS000000000003983 =005 20250617104601 =035 ##$$a 0010-0625000188 =007 ta =008 250617################g##########0#ind## =082 ##$$a 305.420 72 =084 ##$$a 305.420 72 BAD p =245 1#$$a Penelitian Evaluasi Keluarga Berencana Pedesaan di Enam Propinsi di Indonesia : $b Kumpulan Kuesioner /$c BADAN KOORDINASI KELUARGA BERENCANA NASIONAL =260 ##$$a Jakarta :$b Badan Koordinasi Keluarga Berencana Nasional,$c 1985 =300 ##$$a 68 hlm. =650 #4$$a Kuesioner Penelitian =110 2#$$a BADAN KOORDINASI KELUARGA BERENCANA NASIONAL =856 ##$$a Perpustakaan Kemendukbangga